Il nuovo Diritto Industriale e d’Autore (Registro nro. 162146)

Detalles MARC
000 -LEADER
fixed length control field 00759nam a22002537a 4500
007 - PHYSICAL DESCRIPTION FIXED FIELD--GENERAL INFORMATION
fixed length control field cr|||| ||||
008 - FIXED-LENGTH DATA ELEMENTS--GENERAL INFORMATION
fixed length control field 130226e2009 it |||||s|||| 00||0 ita d
020 ## - INTERNATIONAL STANDARD BOOK NUMBER
International Standard Book Number 9788884228802
035 ## -
-- 7261
040 ## - CATALOGING SOURCE
Original cataloging agency vLex
090 ## -
-- 3764
-- 3764
100 10 - MAIN ENTRY--PERSONAL NAME
Personal name Fittante, Aldo
245 13 - TITLE STATEMENT
Title Il nuovo Diritto Industriale e d’Autore
Medium [Recurso electrónico]
256 ## -
-- Servicio en línea
260 ## - PUBLICATION, DISTRIBUTION, ETC. (IMPRINT)
Place of publication, distribution, etc Bari :
Name of publisher, distributor, etc Cacucci Editore,
Date of publication, distribution, etc 2009
300 ## - PHYSICAL DESCRIPTION
Extent 1 Recurso electrónico
650 04 - SUBJECT ADDED ENTRY--TOPICAL TERM
Topical term or geographic name as entry element Derechos de autor
650 04 - SUBJECT ADDED ENTRY--TOPICAL TERM
Topical term or geographic name as entry element Propiedad industrial
650 04 - SUBJECT ADDED ENTRY--TOPICAL TERM
Topical term or geographic name as entry element Derecho mercantil y de la empresa
740 ## -
-- vLex Libros (Servicio en línea)
856 ## - LOCALIZACIÓN Y ACCESO ELECTRÓNICO
Host name Acceso restringido
Identificador Uniforme del Recurso (URI/URL) http://www.vlex.com/source/7261
942 ## -
-- RAA
999 ## -
-- 162146
-- 162146

No hay ítems disponibles.


CONTACTO


NOSOTROS


SITIOS DE INTERES

coordinacion.biblioteca.biblioteca@unienlinea.mx Misión, Visión y Objetivos Bases de datos
Directorio Bibliotecas Digitales y Repositorios
Normatividad Revistas y artículos
Convenios interbibliotecarios
Boletines



Hecho en México. Universidad Insurgentes (UIN). Todos los derechos reservados 2024. Esta página y sus contenidos pueden ser reproducidos con fines no lucrativos, siempre y cuando no se mutile, se cite la fuente completa y su dirección electrónicas. De otra forma requiere permiso previo por escrito de la institución




2024 Copyright Universidad Insurgentes | www.bibliouin.com.mx